[Event "1.GRS Open"]
[Site "Ober-Ramstadt, Modauhalle"]
[Date "2024.07.27"]
[Round "3.1"]
[White "Boidman, Yuri"]
[Black "Korneev, Oleg"]
[Result "0-1"]
[WhiteElo "2254"]
[BlackElo "2459"]
[PlyCount "116"]
[EventDate "2024.07.26"]
[WhiteTeam "SC Heimbach-Weis/Neuwied"]
[BlackTeam "TSV Schönaich"]

1. e4 c5 2. Nf3 e6 3. Nc3 a6 4. g3 Nc6 5. Bg2 Qc7 6. O-O Nf6 7. d3 Be7 8. Ng5 h6 9. Nh3 d6 10. f4 Bd7 11. f5 Ne5 12. Nf4 h5 13. Bh3 Qc8 14. fxe6 fxe6 15. Ng2 Nfg4 16. Ne3 Nxe3 17. Bxe3 g5 18. Qd2 g4 19. Bg2 Qc7 20. Bg5 Bc6 21. Bf6 Bxf6 22. Rxf6 Qg7 23. Rf2 O-O-O 24. Ne2 h4 25. Qe3 Nf3+ 26. Bxf3 gxf3 27. Rxf3 hxg3 28. Rxg3 Qxb2 29. Qc1 Qe5 30. c3 Qh5 31. Rg2 Rdg8 32. Rxg8+ Rxg8+ 33. Ng3 Qf3 34. Qd2 c4 35. Rd1 Kc7 36. Rf1 Qxd3 37. Qxd3 cxd3 38. Kf2 Rh8 39. Rh1 Rh3 40. Ke3 Bb5 41. Kd2 Kb6 42. Nf1 Kc5 43. Rg1 Rf3 44. Ke1 d2+ 45. Nxd2 Re3+ 46. Kd1 Ba4+ 47. Kc1 Rxc3+ 48. Kb1 Rh3 49. Rc1+ Kd4 50. Rc4+ Kd3 51. Rxa4 Kxd2 52. Rb4 b5 53. Rd4+ Rd3 54. Rb4 Kc3 55. a3 Rd4 56. e5 d5 57. Rb2 Rd1+ 58. Ka2 Rh1 0-1

[Event "1.GRS Open"]
[Site "Ober-Ramstadt, Modauhalle"]
[Date "2024.07.27"]
[Round "3.2"]
[White "Poetsch, Hagen"]
[Black "Marcziter, Dmitrii"]
[Result "1/2-1/2"]
[WhiteElo "2453"]
[BlackElo "2204"]
[PlyCount "53"]
[EventDate "2024.07.26"]
[WhiteTeam "SC Heusenstamm"]
[BlackTeam "SG Porz"]

1. e4 c5 2. Ne2 Nc6 3. Nbc3 a6 4. d4 cxd4 5. Nxd4 e6 6. Be3 Nf6 7. a3 Qc7 8. f4 d6 9. Qf3 Be7 10. O-O-O O-O 11. g4 Nxd4 12. Rxd4 b5 13. g5 Nd7 14. h4 Bb7 15. Bh3 Rfe8 16. Rg1 e5 17. Nd5 Bxd5 18. Rxd5 Nb6 19. Bxb6 Qxb6 20. Rf1 exf4 21. Qxf4 Rf8 22. h5 b4 23. a4 b3 24. Qf3 bxc2 25. Qc3 Rfb8 26. h6 Bf8 27. g6 1/2-1/2

[Event "1.GRS Open"]
[Site "Ober-Ramstadt, Modauhalle"]
[Date "2024.07.27"]
[Round "3.3"]
[White "Agrest, Inna"]
[Black "Levin, Felix"]
[Result "0-1"]
[WhiteElo "2194"]
[BlackElo "2422"]
[PlyCount "71"]
[EventDate "2024.07.26"]
[WhiteTeam "SC Viernheim 1934 e.V."]
[BlackTeam "Düsseldorfer SK 14/25"]

1. e4 e5 2. Nf3 Nc6 3. Bb5 a6 4. Ba4 d6 5. c3 Bd7 6. O-O Nge7 7. d4 Ng6 8. Re1 Be7 9. Nbd2 O-O 10. Nf1 Nh4 11. Nxh4 Bxh4 12. Be3 Re8 13. Bc2 Bg5 14. dxe5 Bxe3 15. Rxe3 Nxe5 16. Rg3 Qh4 17. Ne3 Be6 18. Qd4 Qf4 19. Qd1 g6 20. Bb3 Qxe4 21. Bd5 Qh4 22. Bxb7 Rab8 23. Bxa6 Rxb2 24. Qd4 Qf6 25. f4 Nd7 26. a4 Ra8 27. Bf1 Qxd4 28. cxd4 Nf6 29. f5 Bb3 30. a5 Nd5 31. fxg6 hxg6 32. Nc4 Ra2 33. Rxa2 Bxa2 34. Ra3 Bb1 35. a6 Bf5 36. Be2 0-1

[Event "1.GRS Open"]
[Site "Ober-Ramstadt, Modauhalle"]
[Date "2024.07.27"]
[Round "3.4"]
[White "Petersen, Henrik"]
[Black "Bagrationi, Alexander"]
[Result "0-1"]
[WhiteElo "2194"]
[BlackElo "2409"]
[PlyCount "65"]
[EventDate "2024.07.26"]
[WhiteTeam "SV 03/25 Koblenz"]
[BlackTeam "Schachverein Hemer 1932"]

1. e4 c5 2. Nf3 g6 3. c4 Bg7 4. d4 cxd4 5. Nxd4 Nc6 6. Be3 Nf6 7. Nc3 Ng4 8. Qxg4 Nxd4 9. Qd1 Ne6 10. Rc1 Qa5 11. Bd3 b6 12. Bd2 Qe5 13. Nd5 Qxb2 14. Rc2 Qa1 15. Bc1 Bb7 16. O-O Bxd5 17. Qd2 Bxc4 18. Bb2 Qxb2 19. Rxb2 Bxd3 20. Rd1 O-O 21. Rb4 Nc5 22. Qe3 Ba6 23. Qg5 Bc3 24. Rbb1 Bf6 25. Qf4 d6 26. h4 Rac8 27. h5 Ne6 28. Qg4 Rc5 29. Rd5 Bc4 30. Rxc5 Nxc5 31. Re1 Bxa2 32. f4 Be6 33. f5 0-1

[Event "1.GRS Open"]
[Site "Ober-Ramstadt, Modauhalle"]
[Date "2024.07.27"]
[Round "3.5"]
[White "Baranyai-Molnar, Adam-Kristof"]
[Black "Volkov, Mykyta"]
[Result "1-0"]
[WhiteElo "2102"]
[BlackElo "2306"]
[Annotator "Henrik,Schloessner"]
[PlyCount "71"]
[EventDate "2024.07.26"]
[WhiteTeam "SF Neuberg"]
[BlackTeam "Elberfelder SG"]

{[%evp 0,31,32,32,59,59,131,13,21,21,21,33,33,32,32,27,20,13,8,28,53,18,53,45,47,-28,23,-57,-54,-21,7,-63,-63,-63]} 1. e4 e6 2. d4 d5 3. Nc3 Nf6 4. e5 Nfd7 5. f4 c5 6. Nf3 Nc6 7. Be3 Be7 8. Qd2 a6 9. a3 O-O 10. dxc5 Nxc5 11. O-O-O b5 12. Nd4 Bd7 13. Qf2 Nxd4 14. Bxd4 Ne4 15. Nxe4 dxe4 16. Bb6 Qc8 17. Qd4 Bc6 18. h4 a5 19. Kb1 b4 20. axb4 axb4 21. b3 Qb7 22. Bc4 Ra3 23. Kb2 e3 24. Qxe3 Bxg2 25. Rhg1 Bxh4 26. Bd4 Rfa8 27. f5 Ra2+ 28. Kb1 exf5 29. e6 fxe6 30. Qxe6+ Kh8 31. Rd2 Ra1+ 32. Bxa1 Rxa1+ 33. Kxa1 Qa7+ 34. Kb2 Bf6+ 35. Qxf6 gxf6 36. Rd8+ 1-0

[Event "1.GRS Open"]
[Site "Ober-Ramstadt, Modauhalle"]
[Date "2024.07.27"]
[Round "3.6"]
[White "Hinrichs, Paul"]
[Black "Töpfer, Albrecht"]
[Result "0-1"]
[WhiteElo "2256"]
[BlackElo "2133"]
[PlyCount "104"]
[EventDate "2024.07.26"]
[WhiteTeam "Sfr.Heidesheim"]
[BlackTeam "SC Fulda"]

1. d4 d6 2. g3 Nf6 3. Bg2 Nbd7 4. e4 e5 5. Ne2 c6 6. O-O Be7 7. a4 a5 8. Nbc3 O-O 9. h3 Nb6 10. b3 exd4 11. Nxd4 d5 12. e5 Ne8 13. Qd3 f6 14. Bf4 fxe5 15. Bxe5 Nd7 16. Bf4 Nc5 17. Qd2 Bf6 18. Be3 Ne6 19. Rad1 Nxd4 20. Bxd4 Nc7 21. Bb6 Ra6 22. Bc5 Be7 23. Bxe7 Qxe7 24. Ne2 Qc5 25. Qc3 Qxc3 26. Nxc3 Ra8 27. Ne2 Bf5 28. Nd4 Ne6 29. Nxf5 Rxf5 30. Rfe1 Re8 31. h4 Rff8 32. Rd2 Kf7 33. Rde2 Nd4 34. Rxe8 Rxe8 35. Rxe8 Kxe8 36. c4 dxc4 37. bxc4 Ne2+ 38. Kf1 Nc3 39. Ke1 Nxa4 40. Be4 h6 41. Kd2 Kd7 42. f4 Kd6 43. g4 Nc5 44. Bb1 b5 45. cxb5 cxb5 46. Ke3 a4 47. g5 b4 48. Kd2 a3 49. Kc1 b3 50. Bg6 Na4 51. Kb1 Nc3+ 52. Ka1 b2# 0-1

[Event "1.GRS Open"]
[Site "Ober-Ramstadt, Modauhalle"]
[Date "2024.07.27"]
[Round "3.7"]
[White "Chassard, Cedric"]
[Black "Chua, Ethan"]
[Result "1/2-1/2"]
[WhiteElo "2244"]
[BlackElo "2131"]
[PlyCount "49"]
[EventDate "2024.07.26"]
[WhiteTeam "SVG Saarbrücken 1970 e.V."]
[BlackTeam "Eindhoven"]

1. e4 c5 2. Nf3 Nc6 3. Bb5 e5 4. O-O Bd6 5. d4 exd4 6. c3 a6 7. Ba4 b5 8. Bc2 Qb6 9. cxd4 cxd4 10. a3 Nge7 11. b4 Ng6 12. Bb2 Nf4 13. Re1 Ne6 14. Nbd2 Ne5 15. Nxe5 Bxe5 16. Nf3 d6 17. Qd2 O-O 18. Rad1 a5 19. Bb3 axb4 20. axb4 Rd8 21. Bxe6 Bxe6 22. Bxd4 Qc7 23. Rc1 Bc4 24. Qc3 f6 25. Nd2 1/2-1/2

[Event "1.GRS Open"]
[Site "Ober-Ramstadt, Modauhalle"]
[Date "2024.07.27"]
[Round "3.9"]
[White "Kunin, Vitaly"]
[Black "Vladov, Arsenii"]
[Result "1-0"]
[WhiteElo "2522"]
[BlackElo "2059"]
[PlyCount "115"]
[EventDate "2024.07.26"]
[WhiteTeam "FB Mörlenbach-Birkenau"]
[BlackTeam "Westerburg"]

1. d4 d6 2. e4 Nf6 3. Bd3 e5 4. c3 d5 5. dxe5 Nxe4 6. Nf3 Nc6 7. Nbd2 Bg4 8. O-O Ng5 9. Be2 Ne6 10. Qa4 Bxf3 11. Nxf3 Qd7 12. Qc2 g6 13. Re1 Bg7 14. Bf1 O-O 15. Bd2 Rfe8 16. Rad1 Rad8 17. Bc1 Qe7 18. b4 Nb8 19. Qb3 c6 20. c4 dxc4 21. Bxc4 Rxd1 22. Rxd1 Nd7 23. Bxe6 fxe6 24. Bg5 Qf7 25. Qe3 Nb6 26. h4 Qf5 27. a3 Qg4 28. Rd4 Qf5 29. Rd1 Qg4 30. Rc1 Rf8 31. Qd4 Qxd4 32. Nxd4 Kf7 33. Bf4 Rd8 34. Nb3 Bf8 35. Be3 Rd3 36. Na5 Rd7 37. Kf1 Bg7 38. f4 Nd5 39. Ke2 a6 40. Nb3 Bf8 41. g3 Be7 42. Bc5 Bd8 43. Nd2 h6 44. Ne4 Kg7 45. Bd6 Bb6 46. Rh1 Bd4 47. h5 Nc3+ 48. Nxc3 Bxc3 49. hxg6 Kxg6 50. Kd3 Bb2 51. Rb1 Bxa3 52. Rb3 Bc1 53. Kc2 Bxf4 54. gxf4 Kf5 55. Rg3 Rf7 56. Kd3 Kxf4 57. Rg6 h5 58. Rf6+ 1-0

[Event "1.GRS Open"]
[Site "Ober-Ramstadt, Modauhalle"]
[Date "2024.07.27"]
[Round "3.10"]
[White "Yankelevich, Lev"]
[Black "Burkart, Lloyd Shang"]
[Result "1/2-1/2"]
[WhiteElo "2416"]
[BlackElo "2071"]
[PlyCount "59"]
[EventDate "2024.07.26"]
[WhiteTeam "Le Cavalier Differdange"]
[BlackTeam "SV 1920 Hofheim"]

1. d4 Nf6 2. c4 e6 3. Nc3 Bb4 4. e3 O-O 5. Bd3 d5 6. a3 Bd6 7. c5 Be7 8. b4 c6 9. f4 b6 10. Nf3 a5 11. Bd2 Ba6 12. Bc2 Nbd7 13. h4 h5 14. Nh2 g6 15. Kf2 Bc4 16. Qf3 Ne8 17. g4 Bxh4+ 18. Kg2 axb4 19. axb4 Rxa1 20. Rxa1 hxg4 21. Qxg4 Bf6 22. Rh1 Bg7 23. Qh3 Nef6 24. Nf3 Re8 25. Ng5 Nh5 26. Nxf7 Kxf7 27. Bxg6+ Kxg6 28. Qxh5+ Kf6 29. Be1 Ke7 30. Bh4+ 1/2-1/2

[Event "1.GRS Open"]
[Site "Ober-Ramstadt, Modauhalle"]
[Date "2024.07.27"]
[Round "3.11"]
[White "Klamser, Dietmar"]
[Black "Stork, Oliver"]
[Result "0-1"]
[WhiteElo "1840"]
[BlackElo "2379"]
[PlyCount "84"]
[EventDate "2024.07.26"]
[WhiteTeam "SC Groß-Umstadt"]
[BlackTeam "Klub Kölner Schachfreunde"]

1. e4 d5 2. exd5 Qxd5 3. Nc3 Qd6 4. d4 Nf6 5. h3 Nc6 6. Nf3 Bf5 7. Bc4 O-O-O 8. Be3 Qb4 9. Bd3 g6 10. Bxf5+ gxf5 11. O-O e6 12. Qd3 Bg7 13. a3 Qd6 14. Nb5 Qd7 15. Qb3 Nd5 16. c4 Nxe3 17. fxe3 f4 18. Rad1 a6 19. d5 axb5 20. dxc6 Qxc6 21. exf4 bxc4 22. Qb4 Rd5 23. Rc1 Rc5 24. Ne5 Bxe5 25. fxe5 Rg8 26. Rf2 b6 27. Qc3 Qd5 28. Qf3 Qxf3 29. Rxf3 Rg7 30. Re1 Kd7 31. Rf4 b5 32. g4 h5 33. Kf2 hxg4 34. hxg4 Ke7 35. Kf3 Rg8 36. Rd4 Rd5 37. Rxd5 exd5 38. Kf4 Ke6 39. Rd1 Rh8 40. Rd2 c5 41. Rg2 Rh1 42. Rf2 Re1 0-1

[Event "1.GRS Open"]
[Site "Ober-Ramstadt, Modauhalle"]
[Date "2024.07.27"]
[Round "3.12"]
[White "Koholka, Jan"]
[Black "Hirneise, Jens"]
[Result "0-1"]
[WhiteElo "1834"]
[BlackElo "2300"]
[PlyCount "62"]
[EventDate "2024.07.26"]
[WhiteTeam "SK Langen"]
[BlackTeam "SC Böblingen 1975 e.V."]

1. e4 c5 2. Nf3 Nc6 3. d4 cxd4 4. Nxd4 Nf6 5. Nc3 d6 6. Be2 e5 7. Nb3 Be7 8. O-O O-O 9. Be3 a5 10. a4 Nb4 11. f4 exf4 12. Bxf4 d5 13. e5 Ne4 14. Nxe4 dxe4 15. c3 Nd5 16. Kh1 Bf5 17. Nd4 Bg6 18. Bc4 Nxf4 19. Rxf4 Qc7 20. Qb3 Qxe5 21. Raf1 Bd6 22. g3 Qe8 23. R4f2 Bc5 24. Re2 Qe5 25. Nf3 Qf5 26. Nd2 Qh3 27. Bd5 Rad8 28. Qc4 e3 29. Qxc5 exd2 30. Ra1 Qh5 31. Bxf7+ Bxf7 0-1

[Event "1.GRS Open"]
[Site "Ober-Ramstadt, Modauhalle"]
[Date "2024.07.27"]
[Round "3.13"]
[White "Klundt, Klaus"]
[Black "Schröder, Jürgen"]
[Result "1-0"]
[WhiteElo "2262"]
[BlackElo "2010"]
[PlyCount "74"]
[EventDate "2024.07.26"]
[WhiteTeam "SC Heusenstamm"]
[BlackTeam "SC Matt im Park Ffm"]

1. e4 g6 2. d4 Bg7 3. Nc3 d6 4. Be3 a6 5. h4 h6 6. Qd2 b5 7. f3 Nd7 8. a4 b4 9. Nd1 a5 10. Bb5 Bb7 11. Ne2 c6 12. Bd3 Nb6 13. c3 bxc3 14. bxc3 Nf6 15. Rb1 Nfd7 16. h5 g5 17. Ng3 e6 18. f4 f6 19. Qa2 d5 20. exd5 cxd5 21. Bg6+ Kf8 22. O-O Ba6 23. Rf2 Nc4 24. fxg5 hxg5 25. Bxg5 Rb8 26. Nb2 Kg8 27. Bf4 e5 28. Bc1 exd4 29. cxd4 Nf8 30. Bf5 Bh6 31. Bxh6 Rxh6 32. Nxc4 dxc4 33. Qd2 Rh8 34. Qf4 Rxb1+ 35. Bxb1 Kf7 36. d5 Qxd5 37. Qxf6+ Kg8 1-0

[Event "1.GRS Open"]
[Site "Ober-Ramstadt, Modauhalle"]
[Date "2024.07.27"]
[Round "3.14"]
[White "Papadopoulos, Ioannis"]
[Black "Raudonat, Luca"]
[Result "1-0"]
[WhiteElo "2196"]
[BlackElo "1832"]
[PlyCount "47"]
[EventDate "2024.07.26"]
[WhiteTeam "SV Oberursel"]
[BlackTeam "SC Ramstein-Miesenbach"]

1. e4 c5 2. Nf3 d6 3. d4 cxd4 4. Nxd4 Nf6 5. Nc3 a6 6. Be3 e5 7. Nf3 Be6 8. Ng5 Be7 9. Nxe6 fxe6 10. Bc4 Qc8 11. Bb3 b5 12. O-O O-O 13. Nd5 Nxd5 14. exd5 Nd7 15. dxe6 Nc5 16. Bd5 Rb8 17. Qg4 Rf6 18. f4 Na4 19. fxe5 dxe5 20. Rxf6 Bxf6 21. Ba7 Qxc2 22. e7+ Kh8 23. Bxb8 Bxe7 24. Qe6 1-0

[Event "1.GRS Open"]
[Site "Ober-Ramstadt, Modauhalle"]
[Date "2024.07.27"]
[Round "3.15"]
[White "Kirchner, Stefan"]
[Black "Engel, Bruno"]
[Result "0-1"]
[WhiteElo "1692"]
[BlackElo "2185"]
[PlyCount "52"]
[EventDate "2024.07.26"]
[WhiteTeam "SF Schöneck"]
[BlackTeam "Lübecker SV von 1873"]

1. e4 g6 2. d4 Bg7 3. Nf3 c6 4. Be2 d5 5. e5 Bg4 6. O-O e6 7. h3 Bxf3 8. Bxf3 Ne7 9. Bg5 h6 10. Bh4 Qb6 11. b3 Nf5 12. Bg3 Qxd4 13. c3 Qxd1 14. Rxd1 Nxg3 15. fxg3 Bxe5 16. g4 Nd7 17. a3 O-O 18. Ra2 Bg7 19. c4 d4 20. Be2 Rad8 21. Nd2 e5 22. Ne4 f5 23. gxf5 gxf5 24. Nf2 e4 25. Bf1 Nc5 26. b4 Na4 0-1

[Event "1.GRS Open"]
[Site "Ober-Ramstadt, Modauhalle"]
[Date "2024.07.27"]
[Round "3.17"]
[White "Akhmatovski, Maxim"]
[Black "Kovalskyy, Alicia"]
[Result "1/2-1/2"]
[WhiteElo "2074"]
[BlackElo "1762"]
[PlyCount "64"]
[EventDate "2024.07.26"]
[WhiteTeam "SV Oberursel"]
[BlackTeam "Düsseldorfer SV 1854"]

1. c4 e5 2. g3 g6 3. Bg2 Bg7 4. Nc3 Nc6 5. Rb1 d6 6. b4 Bf5 7. d3 Qd7 8. b5 Nd8 9. Nf3 Bh3 10. Bxh3 Qxh3 11. Nd5 Rc8 12. Qa4 c6 13. Nc3 f5 14. bxc6 bxc6 15. Qxa7 Bf6 16. Kd2 Ne7 17. Ba3 c5 18. Nd5 Nxd5 19. cxd5 e4 20. dxe4 O-O 21. e5 dxe5 22. Bxc5 Rf7 23. Qa3 Rd7 24. d6 e4 25. Bd4 Rc6 26. Bxf6 Rcxd6+ 27. Nd4 Rxf6 28. e3 Nc6 29. Ke2 Qg4+ 30. Kf1 Qh3+ 31. Ke2 Qg4+ 32. Kf1 Qh3+ 1/2-1/2

[Event "1.GRS Open"]
[Site "Ober-Ramstadt, Modauhalle"]
[Date "2024.07.27"]
[Round "3.18"]
[White "Weber, Samuel"]
[Black "Tietzen, Stefan"]
[Result "1-0"]
[WhiteElo "2220"]
[BlackElo "1939"]
[PlyCount "73"]
[EventDate "2024.07.26"]
[WhiteTeam "SV Oberursel"]
[BlackTeam "SK 1980 Gernsheim"]

1. e4 c5 2. Nf3 e6 3. Bd3 g6 4. O-O Bg7 5. c3 Ne7 6. Re1 Nbc6 7. Bb5 O-O 8. d3 Qa5 9. Na3 a6 10. Bxc6 Nxc6 11. Bf4 e5 12. Nc4 Qc7 13. Bg5 h6 14. Bh4 d6 15. Ne3 Be6 16. Nd2 g5 17. Bg3 Ne7 18. c4 Ng6 19. Nb1 b5 20. Nc3 Rab8 21. b3 Qd7 22. f3 Ne7 23. Bf2 b4 24. Ncd5 f5 25. Nxe7+ Qxe7 26. exf5 Bxf5 27. Nxf5 Rxf5 28. d4 Rd8 29. Qc2 Qf8 30. dxc5 e4 31. Rad1 exf3 32. cxd6 Re5 33. c5 Rxe1+ 34. Rxe1 Bc3 35. Qg6+ Qg7 36. Re8+ Rxe8 37. Qxe8+ 1-0

[Event "1.GRS Open"]
[Site "Ober-Ramstadt, Modauhalle"]
[Date "2024.07.27"]
[Round "3.19"]
[White "Minor, Samuel"]
[Black "Pelt, Alexander"]
[Result "1-0"]
[WhiteElo "2202"]
[BlackElo "1935"]
[PlyCount "41"]
[EventDate "2024.07.26"]
[WhiteTeam "Wiesbadener SV 1885"]
[BlackTeam "SG Speyer-Schwegenheim 2012"]

1. e4 g6 2. d4 Bg7 3. Nc3 c6 4. Nf3 d5 5. h3 dxe4 6. Nxe4 Nd7 7. Bc4 Ndf6 8. Neg5 Nh6 9. Bd2 Nd5 10. Bb3 Qc7 11. c4 Nf4 12. g3 Ne6 13. Nxe6 Bxe6 14. g4 Rd8 15. Qc2 Ng8 16. Ng5 Bxd4 17. O-O-O Bc8 18. c5 Nh6 19. f3 Bg7 20. h4 Be5 21. Kb1 1-0

[Event "1.GRS Open"]
[Site "Ober-Ramstadt, Modauhalle"]
[Date "2024.07.27"]
[Round "3.20"]
[White "Wolf, Ulrich Martin"]
[Black "Saßmannshausen, Mark"]
[Result "1-0"]
[WhiteElo "2187"]
[BlackElo "1935"]
[PlyCount "83"]
[EventDate "2024.07.26"]
[WhiteTeam "SK Bad Homburg 1927"]
[BlackTeam "SV Oberursel"]

1. d4 Nf6 2. Nf3 g6 3. Bg5 Bg7 4. Nbd2 O-O 5. e4 d5 6. exd5 Nxd5 7. Nb3 h6 8. Bd2 a5 9. a4 Nc6 10. Bb5 Bg4 11. Bxc6 bxc6 12. Nxa5 Qd6 13. O-O Qf6 14. Nb3 e6 15. h3 Bxf3 16. Qxf3 Qxf3 17. gxf3 Rfb8 18. a5 Bf8 19. Ra4 Rb5 20. Rfa1 Ra6 21. Rc4 Kg7 22. Ra2 Bb4 23. Bxb4 Nxb4 24. Ra3 Nd5 25. Rc5 Nf4 26. Rxb5 cxb5 27. Nc5 Ra7 28. Kh2 c6 29. b4 Kf6 30. Ne4+ Ke7 31. Rc3 Kd7 32. Re3 Nd5 33. Rb3 f5 34. Nc5+ Kd6 35. Nd3 Nc7 36. Ne5 g5 37. Rc3 Ra6 38. Nf7+ Kd5 39. Rc5+ Kxd4 40. Nd8 g4 41. Nxc6+ Rxc6 42. Rxc6 1-0

[Event "1.GRS Open"]
[Site "Ober-Ramstadt, Modauhalle"]
[Date "2024.07.27"]
[Round "3.21"]
[White "Hahn, Werner"]
[Black "Seehaus, Bernhard"]
[Result "1-0"]
[WhiteElo "2171"]
[BlackElo "1934"]
[PlyCount "47"]
[EventDate "2024.07.26"]
[WhiteTeam "SC Schachmatt Weiterstadt"]
[BlackTeam "Schachforum Darmstadt 1994"]

1. d4 d6 2. c4 e5 3. Nf3 Nd7 4. e4 g6 5. Nc3 Bg7 6. Be2 Ne7 7. h4 exd4 8. Nxd4 Nc6 9. Bg5 Nf6 10. Nxc6 bxc6 11. e5 dxe5 12. Qxd8+ Kxd8 13. O-O-O+ Ke7 14. Bf3 Be6 15. Bxc6 Rad8 16. Be3 Bxc4 17. Bxa7 Ke6 18. Bc5 Bd3 19. b4 e4 20. Rhe1 Kf5 21. f3 exf3 22. Bxf3 Nd7 23. Nd5 Nxc5 24. g4# 1-0

[Event "1.GRS Open"]
[Site "Ober-Ramstadt, Modauhalle"]
[Date "2024.07.27"]
[Round "3.23"]
[White "Kirchner, Markus"]
[Black "Niebler, Paul"]
[Result "1/2-1/2"]
[WhiteElo "2159"]
[BlackElo "1923"]
[PlyCount "114"]
[EventDate "2024.07.26"]
[WhiteTeam "SC Heusenstamm"]
[BlackTeam "SK Neuburg"]

1. e4 c5 2. Nf3 d6 3. d4 cxd4 4. Nxd4 Nf6 5. f3 Nc6 6. c4 e6 7. Be3 Be7 8. Nc3 O-O 9. Be2 d5 10. Nxc6 bxc6 11. cxd5 cxd5 12. exd5 exd5 13. O-O Bf5 14. Qd2 Qa5 15. Rfd1 Rfe8 16. Bb5 Red8 17. Bd4 Rab8 18. Nxd5 Bb4 19. Qxb4 Qxb4 20. Nxb4 Rxb5 21. Nc6 Re8 22. Re1 Be6 23. a4 Rg5 24. a5 a6 25. Ne5 Nd5 26. Kf2 Nb4 27. Re2 f6 28. Bc3 Rxe5 29. Bxb4 Rxe2+ 30. Kxe2 Bc4+ 31. Kd2 Re2+ 32. Kc3 Bb5 33. Rg1 Kf7 34. h4 h5 35. f4 Re3+ 36. Kd2 Rd3+ 37. Kc2 Rg3 38. Bc3 Re3 39. g3 Kg6 40. Bd2 Rf3 41. b4 Kf5 42. Be1 Kg4 43. Rg2 Re3 44. Kd2 Rd3+ 45. Kc2 Re3 46. Kd2 Re4 47. Kd1 Ba4+ 48. Kd2 Rxb4 49. Re2 Rb2+ 50. Ke3 Rxe2+ 51. Kxe2 g5 52. fxg5 fxg5 53. hxg5 Kxg5 54. Kf3 Bd1+ 55. Kg2 Bg4 56. Kf2 Bd1 57. Ke3 Kg4 1/2-1/2

[Event "1.GRS Open"]
[Site "Ober-Ramstadt, Modauhalle"]
[Date "2024.07.27"]
[Round "3.24"]
[White "Eull, Emil"]
[Black "Heppert, Lars"]
[Result "1-0"]
[WhiteElo "2137"]
[BlackElo "1845"]
[PlyCount "135"]
[EventDate "2024.07.26"]
[WhiteTeam "SF Neuberg"]
[BlackTeam "SK Neuburg"]

1. Nf3 d5 2. c4 e6 3. b3 Nf6 4. Bb2 c5 5. e3 dxc4 6. bxc4 Nc6 7. a3 Be7 8. Qc2 b6 9. g4 h6 10. Rg1 Bb7 11. Be2 Qd6 12. Nc3 a6 13. Ne4 Nxe4 14. Qxe4 O-O-O 15. Qb1 f6 16. Bc3 Kc7 17. Qb2 Ba8 18. h4 e5 19. d3 g5 20. h5 Rhe8 21. Rb1 Rb8 22. Nd2 Nd8 23. a4 Nc6 24. Ne4 Qe6 25. Ng3 a5 26. Nf5 Bf8 27. f3 Nb4 28. Kf2 Rbd8 29. Rgd1 Qc6 30. Bxb4 axb4 31. Ra1 Bb7 32. a5 Ra8 33. axb6+ Qxb6 34. Kg2 Rxa1 35. Rxa1 Ra8 36. Rxa8 Bxa8 37. Qa2 Bb7 38. Bd1 Qa6 39. Qxa6 Bxa6 40. Kf2 Kb6 41. Ke2 Bb7 42. Kd2 Bc6 43. Kc1 Ka5 44. Kb2 Ba4 45. Bxa4 Kxa4 46. Ng3 Bd6 47. Ne4 Be7 48. Nd2 Ka5 49. Kb3 Kb6 50. Ka4 Kc6 51. Ka5 Bd8+ 52. Ka4 Be7 53. Nb3 Kd6 54. Kb5 Ke6 55. Ka4 f5 56. Kb5 f4 57. exf4 gxf4 58. Nd2 Bf8 59. Ka4 Be7 60. Ne4 Kd7 61. g5 hxg5 62. h6 Bf8 63. h7 Bg7 64. Nxg5 Ke7 65. Ne4 Kf7 66. Nxc5 Kg6 67. Ne4 Kxh7 68. c5 1-0

[Event "1.GRS Open"]
[Site "Ober-Ramstadt, Modauhalle"]
[Date "2024.07.27"]
[Round "3.25"]
[White "Berberich, Christoph"]
[Black "Allmann, Thorsten"]
[Result "1/2-1/2"]
[WhiteElo "1903"]
[BlackElo "2117"]
[PlyCount "104"]
[EventDate "2024.07.26"]
[WhiteTeam "SK Freiburg-Zähringen 1887"]
[BlackTeam "SC Schachmatt Weiterstadt"]

1. d4 d5 2. Nf3 e6 3. e3 Nf6 4. c4 Be7 5. a3 O-O 6. Nc3 b6 7. cxd5 exd5 8. Ne5 Bb7 9. Be2 c5 10. O-O Ne4 11. Nxe4 dxe4 12. dxc5 Bxc5 13. b4 Bd6 14. Nc4 Bc7 15. Qxd8 Rxd8 16. Bb2 Nc6 17. b5 Na5 18. Nxa5 bxa5 19. Bd4 Bd5 20. Rac1 Bb6 21. Bxb6 axb6 22. Rfd1 g6 23. g4 h6 24. Rd4 Rd7 25. Rcd1 Rad8 26. Bc4 Be6 27. Bxe6 Rxd4 28. Bxf7+ Kxf7 29. exd4 Ke6 30. Kf1 Kd5 31. Rc1 Rd6 32. Ke2 Kxd4 33. a4 Ke5 34. Rc4 g5 35. Ke3 Rd3+ 36. Ke2 Rd4 37. Rc6 Rxa4 38. Rxh6 Rb4 39. Rxb6 a4 40. Rg6 Kf4 41. Rf6+ Kxg4 42. Ra6 Kf4 43. h3 Rb2+ 44. Ke1 Rxb5 45. Rxa4 Rb3 46. Ra8 Rxh3 47. Ke2 Rb3 48. Rf8+ Kg4 49. Re8 Rb4 50. Ke3 Rb3+ 51. Ke2 Rb2+ 52. Ke3 Rb3+ 1/2-1/2

[Event "1.GRS Open"]
[Site "Ober-Ramstadt, Modauhalle"]
[Date "2024.07.27"]
[Round "3.26"]
[White "Schellen, Sven"]
[Black "Henrich, Thomas"]
[Result "1-0"]
[WhiteElo "1856"]
[BlackElo "2102"]
[PlyCount "53"]
[EventDate "2024.07.26"]
[WhiteTeam "SV Frankfurt Nord 1926"]
[BlackTeam "SK Marburg 1931/72"]

1. Nf3 d6 2. d4 Nf6 3. c4 Nbd7 4. Bf4 g6 5. Nc3 Bg7 6. e3 c6 7. h3 O-O 8. Be2 a6 9. Rc1 Re8 10. O-O Nf8 11. Bh2 h6 12. c5 Bf5 13. Nd2 dxc5 14. dxc5 Bd3 15. Nc4 Bxc4 16. Bxc4 Qa5 17. Qb3 e6 18. Bd6 Nd5 19. Bxd5 exd5 20. Qxb7 Rac8 21. Qb6 Bxc3 22. Rxc3 Qxa2 23. Ra3 Qc4 24. Qxa6 Qb4 25. Qb6 Qd2 26. Qb7 Rcd8 27. Ra7 1-0

[Event "1.GRS Open"]
[Site "Ober-Ramstadt, Modauhalle"]
[Date "2024.07.27"]
[Round "3.27"]
[White "Nies, Peter"]
[Black "Cors, Heinz-Friedrich"]
[Result "1-0"]
[WhiteElo "2079"]
[BlackElo "1906"]
[PlyCount "69"]
[EventDate "2024.07.26"]
[WhiteTeam "SK 1980 Gernsheim"]
[BlackTeam "Schachforum Darmstadt 1994"]

1. e4 c6 2. d4 d5 3. e5 Bf5 4. Nf3 e6 5. Be2 Ne7 6. O-O c5 7. dxc5 Nec6 8. Be3 Nd7 9. Bb5 Bg4 10. c4 Ndxe5 11. Nbd2 Be7 12. h3 Bxf3 13. Nxf3 O-O 14. cxd5 Qxd5 15. Qxd5 exd5 16. Nxe5 Nxe5 17. Rfd1 Rfd8 18. Rac1 Nc6 19. Bf4 Rac8 20. a3 g5 21. Bg3 Bf6 22. b4 Nd4 23. Bd3 a5 24. Kf1 axb4 25. axb4 Ne6 26. Bf5 Ra8 27. b5 Nd4 28. Rxd4 Bxd4 29. c6 bxc6 30. bxc6 Bb6 31. c7 Rdc8 32. Bxc8 Rxc8 33. Rb1 Bxc7 34. Rc1 Bxg3 35. Rxc8+ 1-0

[Event "1.GRS Open"]
[Site "Ober-Ramstadt, Modauhalle"]
[Date "2024.07.27"]
[Round "3.28"]
[White "Linke, Marius"]
[Black "Wenzel, Calvin"]
[Result "0-1"]
[WhiteElo "1833"]
[BlackElo "2022"]
[PlyCount "80"]
[EventDate "2024.07.26"]
[WhiteTeam "SG Solingen"]
[BlackTeam "SK 1980 Gernsheim"]

1. d4 Nf6 2. Nf3 e6 3. g3 c5 4. Bg2 Nc6 5. O-O b6 6. c4 cxd4 7. Nxd4 Bb7 8. Nc3 Be7 9. Bf4 a6 10. Rc1 O-O 11. Qd2 Ra7 12. Rfd1 Qa8 13. Nb3 Na5 14. Bxb7 Nxb3 15. Bxa8 Nxd2 16. Rxd2 Rfxa8 17. Bd6 Kf8 18. e4 Bxd6 19. Rxd6 Rc8 20. Rxb6 Rxc4 21. f3 Ke7 22. Rd1 d6 23. Rdxd6 a5 24. Kf2 Nd7 25. Rbc6 Ne5 26. Rxc4 Nxc4 27. Rc6 Nxb2 28. Ke2 Kd7 29. Rc5 Rc7 30. Rxc7+ Kxc7 31. Ke3 Kd6 32. Kd4 e5+ 33. Ke3 Kc5 34. f4 f6 35. f5 Kc4 36. Nd5 Nd1+ 37. Ke2 Nc3+ 38. Nxc3 Kxc3 39. Ke3 h6 40. g4 Kc4 0-1

[Event "1.GRS Open"]
[Site "Ober-Ramstadt, Modauhalle"]
[Date "2024.07.27"]
[Round "3.29"]
[White "Özdemir, Ali Özden"]
[Black "Diehl, Stefan"]
[Result "1-0"]
[WhiteElo "2064"]
[BlackElo "1878"]
[PlyCount "36"]
[EventDate "2024.07.26"]
[WhiteTeam "SK Langen"]
[BlackTeam "SC Eschborn 1974"]

1. e4 c6 2. d4 d5 3. e5 c5 4. dxc5 Nc6 5. Nf3 Bg4 6. Be2 e6 7. a3 Bxf3 8. Bxf3 Nxe5 9. b4 a5 10. Bb2 Nxf3+ 11. Qxf3 axb4 12. axb4 Rxa1 13. Bxa1 b6 14. O-O bxc5 15. bxc5 Nf6 16. Qb3 Qc7 17. Qb5+ Nd7 18. c6 Nb8 1-0